| 000 | 00532nam a2200193Ia 4500 | ||
|---|---|---|---|
| 008 | 151121s9999||||xx |||||||||||||| ||und|| | ||
| 082 | _a920/RAO | ||
| 082 | _bHNW-32835 | ||
| 100 | _aRao V। | ||
| 245 | 4 | _aThe Gandhian Alternative to W। S। । । | |
| 260 | _b"Bharatiya Vidya Bhavan , Bombay" | ||
| 260 | _c-- | ||
| 300 | _a68 | ||
| 600 | _aRao V। | ||
| 630 | _aThe Gandhian Alternative to W। S। । । | ||
| 700 | _aRao V। | ||
| 730 | _aThe Gandhian Alternative to W। S। । । | ||
| 942 | _cBOOK | ||
| 999 |
_c1226173 _d1226170 |
||